Actuación en la justicia laboral : pautas para obtener mejores resultados /
Guardado en:
| Autor Principal: | |
|---|---|
| Formato: | Libro |
| Idioma: | Spanish |
| Publicado: |
Ciudad Autónoma de Buenos Aires :
Astrea,
2013.
|
| Edición: | 1a. ed. |
| Materias: | |
| Etiquetas: |
Agregar Etiqueta
Sin Etiquetas, Sea el primero en etiquetar este registro!
|
| LEADER | 00602nam a22001695a 4500 | ||
|---|---|---|---|
| 001 | DER.der012508 | ||
| 008 | 180615s2013####ag#||||||||||||||#||spa|| | ||
| 005 | 20251013173716.0 | ||
| 245 | 1 | 0 | |a Actuación en la justicia laboral : |b pautas para obtener mejores resultados / |c Jorge Rodriguez Mancini. |
| 250 | |a 1a. ed. | ||
| 260 | |a Ciudad Autónoma de Buenos Aires : |b Astrea, |c 2013. | ||
| 300 | |a 191 p. | ||
| 020 | |a 9789877060010 | ||
| 100 | 1 | |a Rodríguez Mancini, Jorge | |
| 653 | |a DERECHO PROCESAL LABORAL | ||
| 859 | |a DERECHO |b BIB. DERECHO |h 347.05 |i ROD |p 007335 | ||
| 859 | |a DERECHO |b BIB. DERECHO |h 347.05 |i ROD |p 009527 |t 1 | ||
